| 000 | 00765nam a22001577a 4500 | ||
|---|---|---|---|
| 999 |
_c121115 _d121115 |
||
| 001 | K121115 | ||
| 008 | 190716b1898 ||||| |||| 00| 0 eng d | ||
| 110 |
_93783 _aSurveyors' Institution |
||
| 245 | _a[Selection of menus and invitations or Surveyors' Institution and Chartered Surveyors' Institution annual dinners} | ||
| 260 | _c1898-1932 | ||
| 520 | _aIncludes menu and toast list for dinner held 9 February 1898; menu and list of toasts for 10 May 1899; list of toasts for 7 May 1902; menu for 20 February 1903; menu and toasts list for 12 February 1904; menu and toast list for 21 February 1906 and menu and toast list for 8 March 1932. | ||
| 650 | _amenu | ||
| 650 | _atoasts | ||
| 650 | _aannual dinner | ||
| 710 |
_92274 _aChartered Surveyors' Institution |
||